[Event "Niederbayernliga 1011"]
[Site "Germany"]
[Date "2011.02.27"]
[Round "7.5"]
[White "Benicke, Bernd"]
[Black "Woestmann, Oliver"]
[Result "1-0"]
[WhiteElo "1753"]
[BlackElo "1510"]
[PlyCount "45"]
[EventDate "2010.10.10"]
[EventType "team-tourn"]
[EventRounds "9"]
[EventCountry "GER"]
[SourceTitle "EXT 2012"]
[Source "ChessBase"]
[SourceDate "2011.11.24"]
[SourceVersion "1"]
[SourceVersionDate "2011.11.24"]
[SourceQuality "1"]
[WhiteTeam "Bayerwald"]
[BlackTeam "Aham"]
[WhiteTeamCountry "GER"]
[BlackTeamCountry "GER"]

1. e4 e6 2. d4 d5 3. Nc3 Bb4 4. e5 Ne7 5. f4 Nd7 6. Nf3 c5 7. a3 cxd4 8. axb4 dxc3 9. bxc3 Nb6 10. Bd3 Qc7 11. Bd2 Bd7 12. Nd4 Nc4 13. 0-0 Nxd2 14. Qxd2 Qb6 15. Kh1 Nc6 16. Nxc6 Bxc6 17. Qe2 Rc8 18. f5 exf5 19. Bxf5 Rc7 20. e6 0-0 21. exf7+ Kh8 22. Qh5 g6 23. Bxg6 1-0

[Event "Niederbayern-ch"]
[Site "Mamming"]
[Date "2010.06.05"]
[Round "5"]
[White "Schultes, Christoph"]
[Black "Woestmann, Oliver"]
[Result "1-0"]
[WhiteElo "1707"]
[BlackElo "1386"]
[PlyCount "117"]
[EventDate "2010.06.03"]
[EventType "swiss"]
[EventRounds "7"]
[EventCountry "GER"]
[SourceTitle "EXT 2023"]
[Source "ChessBase"]
[SourceDate "2022.10.05"]
[SourceVersion "1"]
[SourceVersionDate "2022.10.05"]
[SourceQuality "1"]

1. d4 d5 2. Nf3 Nf6 3. c4 c6 4. Nc3 Bf5 5. cxd5 cxd5 6. Qb3 b6 7. Bf4 Nc6 8. e3 Na5 9. Bb5+ Bd7 10. Qa4 e6 11. Ne5 a6 12. Nxd7 Nxd7 13. Bd3 b5 14. Qd1 Nc4 15. Bxc4 bxc4 16. 0-0 Nf6 17. b3 Rc8 18. Rc1 Bd6 19. Bxd6 Qxd6 20. Na4 0-0 21. bxc4 Rxc4 22. Rxc4 dxc4 23. Qe2 Rc8 24. Nc5 Nd7 25. Qxc4 Nxc5 26. Rc1 Qc6 27. Qxc5 Qxc5 28. dxc5 Kf8 29. Kf1 Ke7 30. Ke2 Rb8 31. Rc2 Kd7 32. Kd3 Kc7 33. Kc4 Rb1 34. e4 e5 35. Kd5 f6 36. Ke6 Kc6 37. Kf7 Rb7+ 38. Ke6 Rb5 39. Kf7 Rb7+ 40. Ke6 Rb5 41. g4 a5 42. g5 fxg5 43. Kxe5 Rb1 44. Kf5 h6 45. e5 Rb7 46. e6 Re7 47. Rd2 Kxc5 48. Rd7 Re8 49. Rxg7 Rf8+ 50. Rf7 Re8 51. Kf6 Kc6 52. Ke5 a4 53. Rd7 Rf8 54. Rd2 Rb8 55. e7 Rb1 56. Kf6 Rb8 57. Kf7 Rb7 58. Kf8 Rb8+ 59. e8Q+ 1-0